000 00779ntm a22003017a 4500
005 20260413144141.0
008 190528b2017 xxu||||| |||| 00| 0 spa d
020 _a9788436838404
041 _aESP
082 _a364.4 S718m2
100 _aSoto Castro, Juan Enrique
245 _aManual de investigación psicológica del delito: el método vera
250 _a2 edición
260 _aEspaña
260 _bPirámide
260 _c2017
300 _a158 páginas
490 _aInvestigación Criminal
650 _aDELITO
650 _aPSICOLOGÍA
650 _aOBSERVACIÓN POLICIAL
650 _aCOMPORTAMIENTO CRIMINAL
650 _aMODUS OPERANDI
650 _aMÉTODO VERA
650 _aVÍCTIMA
650 _aCONDUCTA CRIMINAL
942 _cBK
_2ddc
999 _c11952
_d11952